SOCIAL PSYCHOLOGY (Record no. 9197)

MARC details
000 -LEADER
fixed length control field 00330nam a22001577a 4500
003 - CONTROL NUMBER IDENTIFIER
control field SGT
020 ## - INTERNATIONAL STANDARD BOOK NUMBER
International Standard Book Number 978-93-325-3790-3
082 ## - DEWEY DECIMAL CLASSIFICATION NUMBER
Classification number 152, S15B
100 ## - MAIN ENTRY--PERSONAL NAME
Personal name BARON, ROBERT
245 ## - TITLE STATEMENT
Title SOCIAL PSYCHOLOGY
250 ## - EDITION STATEMENT
Edition statement 13TH
260 ## - PUBLICATION, DISTRIBUTION, ETC. (IMPRINT)
Place of publication, distribution, etc DELHI
Name of publisher, distributor, etc PEARSON
Year of Publication 2015
300 ## - PAGE DESCRIPTION
No. of Pages 481
650 ## - SUBJECT ADDED ENTRY--TOPICAL TERM
Topical term or geographic name as entry element PSYCHOLOGY
942 ## - ADDED ENTRY ELEMENTS (KOHA)
Source of classification or shelving scheme Dewey Decimal Classification
Koha item type Books
942 ## - ADDED ENTRY ELEMENTS (KOHA)
-- 6
Holdings
Withdrawn status Lost status Source of classification or shelving scheme Damaged status Not for loan Collection code Home library Current library Shelving location Date acquired Vendor Name Cost, normal purchase price SGTU Bill Number Total Checkouts Full call number Accession No. (Barcode) Date last seen Date last borrowed Bill Date Koha item type Total Renewals
    Dewey Decimal Classification     MEDICAL SGT Engineering Library SGT Engineering Library Text Book 23/06/2016 AHUJA BOOK COMPANY 650.00 SGTU 5978 35 152, S15B FM7589 01/12/2025 01/12/2025 14/08/2015 Books  
    Dewey Decimal Classification     MEDICAL SGT Engineering Library SGT Engineering Library Text Book 23/06/2016 AHUJA BOOK COMPANY 650.00 SGTU 5978 38 152, S15B FM7590 26/11/2025 14/11/2025 14/08/2015 Books 1
    Dewey Decimal Classification     MEDICAL SGT Medical Library SGT Medical Library Text Book 23/06/2016 AHUJA BOOK COMPANY 650.00 SGTU 5978 4 152, S15B FM7587 01/05/2017 22/04/2017 14/08/2015 Books  
    Dewey Decimal Classification     MEDICAL SGT Medical Library SGT Medical Library Text Book 23/06/2016 AHUJA BOOK COMPANY 650.00 SGTU 5978 11 152, S15B FM7588 17/07/2017 15/07/2017 14/08/2015 Books  
Withdrawn   Dewey Decimal Classification     MEDICAL SGT Medical Library SGT Medical Library Text Book 23/06/2016 AHUJA BOOK COMPANY 650.00 SGTU 5978 13 152, S15B FM7591 29/12/2020 11/12/2020 14/08/2015 Books